000 00379pab a2200145 454500
008 180718b1983 xxu||||| |||| 00| 0 eng d
100 _aBroadberry, S.N.
245 _aUnemployment in interwar Britain
_bA dissequilibruim approach
260 _c1983
300 _a463-85
362 _aNov.
650 _aUnemployment - U.K.
773 _aOxford Economic Papers
909 _a20024
999 _c20024
_d20024